01863nam a22002537a 450000500170000000800410001702000180005804000070007604100120008308200200009510000280011524500480014326000370019130000260022836500600025452009900031465000240130465000230132865000240135170000300137594200120140599900190141795201730143620230727094218.0230727b ||||| |||| 00| 0 eng d a9789392099649 cAL aEnglish 223a813.6bZAIR aS Hussain Zaidi9128535 aR A W Hitman : The Real Story of Agent Lima aLondonbSimon and Schusterc2023 a260 p.bPBc21x14 cm. aBLCR-000024b₹399.00c₹d₹499.00e20%f14-07-2023 aIn September 2011, the double murder of gangsters Raju Pargai and Amit Arya rocked the Indian state of Uttarakhand. Pargai, who was well on his way to become a national security threat by smuggling weapons into India, had risen up the ranks of criminal quickly—but that also made him the target of Indian intelligence agencies, which then ordered the covert assassin named 'Agent Lima' to put him down. The day after the murder, Laxman 'Lucky' Bisht—an NSG commando who had also been the personal security officer for politicians such as L.K. Advani and then CM of Gujarat, Narendra Modi—was arrested from his home in Haldwani, accused of the double murder. Thereafter begins a tale shrouded in mystery and suspense. Was Agent Lima and Lucky Bisht one and the same person? And if they were not the same person, why did Lucky Bisht languish in prison for more than five years, being transported from jail to jail, his bail application denied, if he was working for the government? aCrime Story9128536 aReal Story9128537 aAgent Lima 9128538 aZAIDI (S Hussain)9128539 2ddccBK c228164d228164 00102ddc40708GENaALbALd2023-07-20eNavakarnataka Publications Pvt Ltdg399.00l12m4o813.6 ZAIRp076590r2026-04-25 10:59:14s2026-04-11v499.00w2023-07-27yBK